000 00431nam a2200181Ia 4500
005 20250603144839.0
008 250603s9999 xx 000 0 und d
020 _a9788174092403
050 _aTK 3271 .U67/
100 _aUppal, S. L.
245 0 _aElectrical wiring estimating and costing
260 _aNew Delhi
260 _bKhanna Publishers
260 _c2016
300 _a912 p
650 _aNew Delhi
942 _cBK
999 _c40125
_d40125